00306nam a22001337a 4500003000400000008004100004020001800045082001500063100001700078245002600095250001100121260003200132300000800164OSt240224b |||||||| |||| 00| 0 eng d a9781788166331 a158.1bRYD aRYAN,Holiday aDiscipline is Destiny a1st Ed aLondonbProfile Booksc2022 a312